[Event "3rd Lanzarote it"]
[Site "Lanzarote ESP"]
[Date "1975.04.??"]
[Round "4"]
[White "Pfleger, Helmut"]
[Black "Diez del Corral, Jesus Maria"]
[Result "0-1"]
[WhiteElo "2540"]
[BlackElo "2515"]
[EventDate "1975.04.27"]
[PlyCount "128"]

1.c4 c5 2.Nf3 Nc6 3.g3 g6 4.Bg2 Bg7 5.O-O d6 6.Nc3 Bd7 7.a3 Nf6 8.Rb1 a5 
9.d4 cxd4 10.Nxd4 Nxd4 11.Qxd4 Bc6 12.e4 O-O 13.Qd3 a4 14.Nd5 Nd7 15.Bg5 
Re8 16.h4 h5 17.Qe2 Ne5 18.Rfd1 Bxd5 19.cxd5 Qd7 20.Rbc1 Rec8 21.Bf1 Kf8 
22.Kg2 Rxc1 23.Rxc1 Rc8 24.Qd1 Rxc1 25.Bxc1 f5 26.Qc2 fxe4 27.Qxe4 Qc8 28.
Bg5 Qc5 29.Be3 Qa5 30.Bd4 Bf6 31.Bc3 Qc5 32.Qd4 Nd7 33.Qxc5 Nxc5 34.Bxf6 
exf6 35.Kf3 Kf7 36.Ke3 f5 37.Bb5 Ke7 38.f3 Kf7 39.Kd4 Ke7 40.Kc4 Kf6 41.
Be8 g5 {[Jugada secreta. ]} 42.Bxh5 f4 $1 43.hxg5+ Kxg5 44.g4 Nd7 45.Kd4 
Ne5 46.Ke4 Nc4 47.Kd3 Nxb2+ 48.Kd4 b5 49.Kc3 Nc4 50.Kb4 Ne5 51.Be8 Nxf3 
52.Bxb5 Nd4 53.Bf1 Kxg4 54.Kxa4 f3 55.Kb4 Nc2+ 56.Kb5 Ne3 57.Bd3 Kf4 58.a4
Ke5 59.a5 Kd4 60.a6 Kxd3 61.a7 f2 62.a8=Q f1=Q 63.Kc6 Nc4 64.Qh8 Ne5+ {
[Fuente: Visier, Fernando. Artculo "Normas Internacionales para Belln y 
Fraguela". Resea y seleccin de partidas del Tercer Torneo Internacional 
Ciudad de Arrecife de Lanzarote 1975. Revista AJEDREZ CANARIO. 
(01-08-1975, ao V, nmero 49, pginas 305-315). Editada por la Caja de 
Ahorros de Gran Canaria. Las Palmas de Gran Canaria, Espaa. ]} 0-1

[Event "3rd Lanzarote it"]
[Site "Lanzarote ESP"]
[Date "1975.04.??"]
[Round "4"]
[White "Visier Segovia, Fernando"]
[Black "Rodriguez Vargas, Orestes"]
[Result "1/2-1/2"]
[WhiteElo "2375"]
[BlackElo "2435"]
[EventDate "1975.04.27"]
[PlyCount "45"]

1.d4 Nf6 2.c4 c6 3.Nf3 d5 4.cxd5 cxd5 5.Nc3 Nc6 6.Bf4 Bf5 7.e3 e6 8.Bd3 
Bxd3 9.Qxd3 Bd6 10.Bxd6 Qxd6 11.O-O O-O 12.Rfc1 Rfc8 13.Na4 Nd7 14.Nc5 b6 
15.Nxd7 Qxd7 16.Qb5 Ne5 17.Qxd7 Nxd7 18.Kf1 Kf8 19.Ke2 f6 20.Kd1 Ke7 21.
Rxc8 Rxc8 22.Rc1 Rxc1+ 23.Kxc1 {[Fuente: Boletn del III Torneo 
Internacional Arrecife de Lanzarote. (Mayo 1975, Ronda 4, Partida 19). 
Editado por la Federacin Provincial de Ajedrez de Gran Canaria. Espaa. ]} 
1/2-1/2

[Event "3rd Lanzarote it"]
[Site "Lanzarote ESP"]
[Date "1975.05.??"]
[Round "5"]
[White "Adorjan, Andras"]
[Black "Visier Segovia, Fernando"]
[Result "1-0"]
[WhiteElo "2515"]
[BlackElo "2375"]
[EventDate "1975.04.27"]
[PlyCount "65"]

1.e4 c5 2.Nf3 Nc6 3.d4 cxd4 4.Nxd4 g6 5.Nc3 Bg7 6.Be3 Nf6 7.Bc4 Qa5 8.O-O 
O-O 9.Nd5 Nxe4 10.Nxc6 dxc6 11.Nxe7+ Kh8 12.Nxc8 Raxc8 13.c3 Rcd8 14.Qc2 
Nf6 15.Rfe1 Qc7 16.h3 b6 17.Rad1 Kg8 18.a4 Rxd1 19.Qxd1 Nd7 20.Bg5 Ne5 21.
Ba2 b5 22.Re4 h6 23.Bf4 Kh7 24.Qe2 f6 25.axb5 Qa5 26.Bxe5 fxe5 27.Bb1 cxb5
28.h4 Qa1 29.Qc2 h5 30.Rxe5 Qxb1+ 31.Qxb1 Bxe5 32.Qe4 Bg7 33.Qb7 {[Fuente:
Keating, Michael. Seleccin partidas de "Lanzarote" 1975. Visor y base de 
datos del sitio web MYCHESS. (2004-2015). Disponible en la direccion 
http://db.mychess.com/ ]} 1-0

[Event "3rd Lanzarote it"]
[Site "Lanzarote ESP"]
[Date "1975.05.??"]
[Round "5"]
[White "Cardoso, Rodolfo Tan"]
[Black "Pfleger, Helmut"]
[Result "1-0"]
[WhiteElo "2410"]
[BlackElo "2540"]
[EventDate "1975.04.27"]
[PlyCount "81"]

1.e4 d6 2.d4 Nf6 3.Nc3 g6 4.f3 Bg7 5.Be3 c6 6.Qd2 b5 7.a4 b4 8.Nd1 a5 9.c3
Na6 10.Bd3 c5 11.Bb5+ Nd7 12.Bh6 bxc3 13.bxc3 Bxh6 14.Qxh6 cxd4 15.Qg7 Rf8
16.Ne2 d3 17.Nd4 e5 18.Bc6 d2+ 19.Ke2 exd4 20.Bxa8 Nac5 21.Bc6 Ba6+ 22.Bb5
Bxb5+ 23.axb5 d3+ 24.Kf2 Ne5 25.Rf1 Qb6 26.Kg3 f5 27.exf5 gxf5 28.h3 Rf7 
29.Qh6 f4+ 30.Kh2 Kd7 31.Ra2 Qxb5 32.Rxd2 a4 33.Nf2 Nc4 34.Qh5 Rg7 35.Rxd3
Ne3 36.Rg1 Ke6 37.Rd4 Qe2 $2 38.Ng4 Rxg4 39.hxg4 Qf2 $4 40.Rxf4 a3 41.Qe8+
{[Fuente: Boletn del III Torneo Internacional Arrecife de Lanzarote. (Mayo
1975, Ronda 5, Partida 29). Editado por la Federacin Provincial de Ajedrez
de Gran Canaria. Espaa. ]} 1-0

[Event "3rd Lanzarote it"]
[Site "Lanzarote ESP"]
[Date "1975.05.??"]
[Round "5"]
[White "Debarnot, Roberto"]
[Black "Betancort Curbelo, Juan Rafael"]
[Result "0-1"]
[WhiteElo "2380"]
[BlackElo "2360"]
[EventDate "1975.04.27"]
[PlyCount "70"]

1.Nf3 Nf6 2.c4 e6 3.g3 d5 4.Bg2 Be7 5.O-O O-O 6.b3 c5 7.cxd5 exd5 8.d4 b6 
9.Bb2 Bb7 10.Ne5 Nc6 11.Nxc6 Bxc6 12.Nd2 Rc8 13.Rc1 Bb7 14.Nf3 Rc7 15.Qd3 
c4 16.Qf5 Qc8 17.Qe5 Re8 18.bxc4 dxc4 19.Bh3 Qb8 20.d5 Bxd5 21.Rfd1 Bxf3 
22.exf3 Ba3 23.Qc3 Bxb2 24.Qxb2 b5 25.a4 a6 26.Rd6 Qb7 27.Qd4 Rc6 28.Rd8 
Qe7 29.Rxe8+ Qxe8 30.Rc3 g6 31.Re3 Qb8 32.Re7 c3 33.Be6 Rxe6 34.Rxe6 fxe6 
35.Qxf6 Qc8 {[Fuente: Boletn del III Torneo Internacional Arrecife de 
Lanzarote. (Mayo 1975, Ronda 5, Partida 27). Editado por la Federacin 
Provincial de Ajedrez de Gran Canaria. Espaa. ]} 0-1

[Event "3rd Lanzarote it"]
[Site "Lanzarote ESP"]
[Date "1975.05.??"]
[Round "5"]
[White "Rodriguez Vargas, Orestes"]
[Black "Garcia Padron, Jose"]
[Result "1-0"]
[WhiteElo "2435"]
[BlackElo "2200"]
[EventDate "1975.04.27"]
[PlyCount "54"]

1.Nf3 Nf6 2.c4 c5 3.g3 b6 4.Bg2 Bb7 5.O-O e6 6.Nc3 Be7 7.d4 d5 8.dxc5 Bxc5
9.Ne5 O-O 10.Nd3 Na6 11.Bg5 Be7 12.Nf4 Ne4 13.Bxe7 Qxe7 14.cxd5 Nxc3 15.
bxc3 Rfd8 16.c4 Rac8 17.Rc1 e5 18.Nd3 e4 19.Nf4 Nc5 20.Qd4 Rd6 21.f3 f5 
22.fxe4 fxe4 23.Bh3 Rf8 24.Ne6 Nxe6 25.Bxe6+ Qxe6 26.Rxf8+ Kxf8 27.Rf1+ 
Kg8 {[Fuente: Boletn del III Torneo Internacional Arrecife de Lanzarote. 
(Mayo 1975, Ronda 2, Partida 10). Editado por la Federacin Provincial de 
Ajedrez de Gran Canaria. Espaa. ]} 1-0

[Event "3rd Lanzarote it"]
[Site "Lanzarote ESP"]
[Date "1975.05.??"]
[Round "5"]
[White "Tatai, Stefano"]
[Black "Bellon Lopez, Juan Manuel"]
[Result "1/2-1/2"]
[WhiteElo "2455"]
[BlackElo "2415"]
[EventDate "1975.04.27"]
[PlyCount "29"]

1.e4 c5 2.Nf3 g6 3.d4 Bg7 4.c3 cxd4 5.cxd4 d5 6.exd5 Nf6 7.Bb5+ Nbd7 8.d6 
exd6 9.Qe2+ Qe7 10.Bf4 Qxe2+ 11.Bxe2 Ke7 12.Nc3 Nb6 13.O-O h6 14.Rfe1 Be6 
15.Rad1 {[Fuente: Boletn del III Torneo Internacional Arrecife de 
Lanzarote. (Mayo 1975, Ronda 5, Partida 26). Editado por la Federacin 
Provincial de Ajedrez de Gran Canaria. Espaa. ]} 1/2-1/2

[Event "3rd Lanzarote it"]
[Site "Lanzarote ESP"]
[Date "1975.05.??"]
[Round "6"]
[White "Adorjan, Andras"]
[Black "Tatai, Stefano"]
[Result "1/2-1/2"]
[WhiteElo "2515"]
[BlackElo "2455"]
[EventDate "1975.04.27"]
[PlyCount "43"]

1.e4 c5 2.Nf3 d6 3.d4 cxd4 4.Nxd4 Nf6 5.Nc3 a6 6.Be2 e6 7.O-O Be7 8.f4 Qc7
9.Kh1 Nc6 10.Be3 Bd7 11.Qe1 b5 12.a3 O-O 13.Qg3 Nxd4 14.Bxd4 Bc6 15.Rae1 
Rab8 16.e5 Ne8 17.Bd3 g6 18.Ne4 Bxe4 19.Bxe4 Ng7 20.Qc3 Qxc3 21.Bxc3 d5 
22.Bd3 {[Fuente: Boletn del III Torneo Internacional Arrecife de 
Lanzarote. (Mayo 1975, Ronda 6, Partida 36). Editado por la Federacin 
Provincial de Ajedrez de Gran Canaria. Espaa. ]} 1/2-1/2

[Event "3rd Lanzarote it"]
[Site "Lanzarote ESP"]
[Date "1975.05.??"]
[Round "6"]
[White "Bellon Lopez, Juan Manuel"]
[Black "Debarnot, Roberto"]
[Result "1/2-1/2"]
[WhiteElo "2415"]
[BlackElo "2380"]
[EventDate "1975.04.27"]
[PlyCount "113"]

1.Nf3 Nf6 2.g3 g6 3.Bg2 Bg7 4.O-O c5 5.c4 O-O 6.Nc3 Nc6 7.e3 d5 8.cxd5 
Nxd5 9.d4 Be6 10.Ne2 Ndb4 11.a3 Na6 12.b4 cxb4 13.axb4 Naxb4 14.Ba3 Bc4 
15.Qd2 e5 16.Rfc1 Bxe2 17.Qxe2 exd4 18.Nxd4 Nxd4 19.exd4 Qxd4 20.Rab1 Rfe8
21.Qf3 Nd3 22.Rd1 Rad8 23.Bb2 Qd6 24.Bf1 Bxb2 25.Rxd3 Qf6 26.Qxf6 Bxf6 27.
Rf3 Kg7 28.Rxb7 Re7 29.Rfb3 Rdd7 30.Ba6 Bd4 31.Kg2 Bb6 32.Rxd7 Rxd7 33.Rd3
Rc7 34.Rd2 Rc6 35.Bb7 Rc7 36.Ba6 h5 37.h4 Rc6 38.Bb7 Re6 39.Bc8 Rf6 40.f4 
a5 41.Bd7 Bc5 42.Rc2 Bd6 43.Rc8 a4 44.Bxa4 Bxf4 45.gxf4 Rxf4 46.Bb3 Rxh4 
47.Rc2 Rf4 48.Kg3 g5 49.Bc4 h4+ 50.Kh3 Kg6 51.Be2 Rd4 52.Rc6+ f6 53.Rc3 f5
54.Rc6+ Kg7 55.Bh5 Rd3+ 56.Kg2 Rd5 57.Rg6+ {[Fuente: Boletn del III Torneo
Internacional Arrecife de Lanzarote. (Mayo 1975, Ronda 6, Partida 35). 
Editado por la Federacin Provincial de Ajedrez de Gran Canaria. Espaa. ]} 
1/2-1/2

[Event "3rd Lanzarote it"]
[Site "Lanzarote ESP"]
[Date "1975.05.??"]
[Round "6"]
[White "Betancort Curbelo, Juan Rafael"]
[Black "Diez del Corral, Jesus Maria"]
[Result "1-0"]
[WhiteElo "2360"]
[BlackElo "2515"]
[EventDate "1975.04.27"]
[PlyCount "54"]

{[RR: Premio a la mejor partida del torneo. ]} 
1.d4 g6 2.c4 Bg7 3.Nc3 d6 4.Nf3 Nd7 5.g3 e5 6.Bg2 Ne7 $6 ( {El desarrollo 
normal es} 6...Ngf6 {, desde donde esta pieza atiende mejor sus 
obligaciones centrales.} ) 7.O-O O-O 8.dxe5 $5 {[Interesante. Generalmente
este cambio no favorece a las blancas, pero el detalle del caballo en "e7"
en lugar de "f6", otorga al primer bando una serie de ventajas 
considerables. ]} 8...dxe5 9.e4 $1 {[Controla la casilla "f5", con lo que 
se restringe an ms el campo de accin del ya famoso caballo. ]} 9...c6 {
[Las negras deben centrar su estrategia en la ocupacin del punto "d4", 
pero previamente cuidan el control de "d5". ]} 10.Qc2 Nc5 11.Rd1 Qc7 12.b4
{[Gana espacio en el flanco de dama y no permite 12...Ag4! ]} 12...Ne6 13.
Bb2 a5 $5 ( {Las negras deberan prestar ms atencin al problema de su alfil
de dama. A tal efecto, un plan recomendable pareca} 13...b6 {, y si} 14.b5
Bb7 $1 ) 14.a3 f5 $2 ( {Esto ya es demasiado. Era preciso atender 
previamente a los problemas internos de la posicin negra. Continuaba 
siendo casi imprescindible} 14...b6 ) 15.c5 $1 axb4 16.axb4 Rxa1 17.Bxa1 
Rd8 18.Bf1 $1 Nd4 ( {En una situacin de clara inferioridad, es normal que 
Dez del Corral tratase de buscar complicaciones tcticas, sobre todo cuando
no sirve} 18...f4 19.Bc4 Kh8 20.Ne2 $1 {, con enorme ventaja de las 
blancas.} ) 19.Bc4+ Kh8 ( {Si} 19...Be6 {, gana} 20.Rxd4 ( {O bien} 20.
Bxe6+ Nxe6 21.Rxd8+ Qxd8 22.Qb3 Qd7 23.Ng5 {, etc.} ) ) 20.Nxd4 Rxd4 21.
Rxd4 exd4 22.Ne2 b5 23.Bb3 Qa7 ( {No serva} 23...fxe4 24.Qxe4 Bf5 25.Qxd4 
$18 {, especulando con la potencia del par de alfiles que apuntan sobre el
rey negro.} ) 24.Bb2 Qd7 25.Nxd4 $1 fxe4 ( {Definitivo. El caballo no 
puede ser capturado, pues a} 25...Bxd4 {, seguira} 26.Qc3 $3 {, ganando.} 
) 26.Ne6 $1 Nf5 27.Nxg7 {[Comentarios: Fernando Visier (Revista AJEDREZ 
CANARIO, 01-08-1975). || Fuente: Visier, Fernando. Artculo "Normas 
Internacionales para Belln y Fraguela". Resea y seleccin de partidas del 
Tercer Torneo Internacional Ciudad de Arrecife de Lanzarote 1975. Revista 
AJEDREZ CANARIO. (01-08-1975, ao V, nmero 49, pginas 305-315). Editada por
la Caja de Ahorros de Gran Canaria. Las Palmas de Gran Canaria, Espaa. ]} 
( {. Y las negras abandonaron. Tras} 27.Nxg7 Nxg7 28.Qxe4 {, no habra 
defensa contra la maniobra 29.De5 seguido de Ae6!} ) 1-0

[Event "3rd Lanzarote it"]
[Site "Lanzarote ESP"]
[Date "1975.05.??"]
[Round "6"]
[White "Fraguela Gil, Jose Miguel"]
[Black "Cardoso, Rodolfo Tan"]
[Result "1/2-1/2"]
[WhiteElo "2390"]
[BlackElo "2410"]
[EventDate "1975.04.27"]
[PlyCount "67"]

1.Nf3 c5 2.c4 Nf6 3.g3 b6 4.Bg2 Bb7 5.O-O e6 6.Nc3 Be7 7.d4 cxd4 8.Qxd4 
O-O 9.Rd1 Nc6 10.Qf4 Rc8 11.b3 d6 12.Ba3 d5 13.Bb2 Bd6 14.Qd2 Bb4 15.a3 
Ne4 16.Qe1 Bxc3 17.Bxc3 Nxc3 18.Qxc3 Na5 19.Qe3 Qf6 20.Ne5 Rfe8 21.Rd4 Nc6
22.Nxc6 Bxc6 23.Rad1 e5 24.R4d2 d4 25.Qd3 Bxg2 26.Kxg2 Qc6+ 27.f3 Qc5 28.
a4 a5 29.e3 Rcd8 30.exd4 Rxd4 31.Qe3 Kf8 32.Rxd4 exd4 33.Qxd4 Re2+ 34.Kg1 
{[Fuente: Boletn del III Torneo Internacional Arrecife de Lanzarote. (Mayo
1975, Ronda 6, Partida 33). Editado por la Federacin Provincial de Ajedrez
de Gran Canaria. Espaa. ]} 1/2-1/2

[Event "3rd Lanzarote it"]
[Site "Lanzarote ESP"]
[Date "1975.05.??"]
[Round "6"]
[White "Pfleger, Helmut"]
[Black "Rodriguez Vargas, Orestes"]
[Result "1/2-1/2"]
[WhiteElo "2540"]
[BlackElo "2435"]
[EventDate "1975.04.27"]
[PlyCount "42"]

1.c4 Nf6 2.Nc3 e6 3.e4 c5 4.e5 Ng8 5.d4 cxd4 6.Qxd4 Nc6 7.Qe4 f5 8.Qe2 Qa5
9.Nf3 Nh6 10.Bd2 Nf7 11.Nd5 Qd8 12.Bc3 exd5 13.cxd5 Bb4 14.dxc6 Bxc3+ 15.
bxc3 bxc6 16.Qe3 Qb6 17.Nd4 O-O 18.Be2 Ba6 19.O-O f4 20.Qxf4 Bxe2 21.Nxe2 
Rae8 {[Fuente: Boletn del III Torneo Internacional Arrecife de Lanzarote. 
(Mayo 1975, Ronda 6, Partida 32). Editado por la Federacin Provincial de 
Ajedrez de Gran Canaria. Espaa. ]} 1/2-1/2

[Event "3rd Lanzarote it"]
[Site "Lanzarote ESP"]
[Date "1975.05.??"]
[Round "6"]
[White "Visier Segovia, Fernando"]
[Black "Garcia Padron, Jose"]
[Result "1/2-1/2"]
[WhiteElo "2375"]
[BlackElo "2200"]
[EventDate "1975.04.27"]
[PlyCount "69"]

1.Nf3 Nf6 2.c4 c5 3.Nc3 d5 4.cxd5 Nxd5 5.g3 Nc6 6.Bg2 Nc7 7.d3 e5 8.Nd2 
Bd7 9.O-O Be7 10.Nc4 f6 11.f4 b5 12.Ne3 exf4 13.gxf4 O-O 14.a4 b4 15.Ncd5 
Rc8 16.Nc4 Nxd5 17.Bxd5+ Kh8 18.e4 Bh3 19.Rf2 f5 20.Qf3 Bg4 21.Qg2 Bh4 22.
Rf1 Rf6 23.Be3 Rg6 24.Kh1 Bh5 25.Qd2 Qe7 26.e5 Rd8 27.Nd6 Rgxd6 28.exd6 
Qxd6 29.Bg2 Nd4 30.Bxd4 Qxd4 31.Rac1 Bf7 32.Qe2 Re8 33.Qf3 g6 34.Rc2 Kg7 
35.Qc6 {[Fuente: Boletn del III Torneo Internacional Arrecife de 
Lanzarote. (Mayo 1975, Ronda 6, Partida 31). Editado por la Federacin 
Provincial de Ajedrez de Gran Canaria. Espaa. ]} 1/2-1/2

[Event "3rd Lanzarote it"]
[Site "Lanzarote ESP"]
[Date "1975.05.??"]
[Round "7"]
[White "Diez del Corral, Jesus Maria"]
[Black "Bellon Lopez, Juan Manuel"]
[Result "1/2-1/2"]
[WhiteElo "2515"]
[BlackElo "2415"]
[EventDate "1975.04.27"]
[PlyCount "81"]

1.e4 c5 2.Nf3 g6 3.d4 Bg7 4.d5 d6 5.Be2 Bg4 6.Nfd2 Bxe2 7.Qxe2 Nf6 8.Nc3 
O-O 9.O-O Re8 10.Nc4 Na6 11.Bg5 Qd7 12.a4 Nc7 13.h3 e6 14.Qf3 Nh5 15.g4 
Bxc3 16.bxc3 Ng7 17.Qf6 exd5 18.Bh6 Nge6 19.exd5 Nxd5 20.Qf3 Nb6 21.Nd2 
Qc6 22.Ne4 Nd7 23.Rfe1 Re7 24.Rad1 d5 25.Nf6+ Nxf6 26.Qxf6 Rd7 27.Re5 d4 
28.c4 Qc7 29.Rde1 Qd8 30.Qf3 d3 31.cxd3 Rxd3 32.Qxb7 Rd2 33.Qe4 Rd4 34.Qe2
Qh4 35.Qe3 Qe7 36.Bg5 Qd7 37.Bf6 Rd3 38.Qe4 Rc8 39.Rd5 Rxd5 40.cxd5 Nc7 
41.Bb2 {[Fuente: Visier, Fernando. Artculo "Normas Internacionales para 
Belln y Fraguela". Resea y seleccin de partidas del Tercer Torneo 
Internacional Ciudad de Arrecife de Lanzarote 1975. Revista AJEDREZ 
CANARIO. (01-08-1975, ao V, nmero 49, pginas 305-315). Editada por la Caja
de Ahorros de Gran Canaria. Las Palmas de Gran Canaria, Espaa. ]} 1/2-1/2

[Event "3rd Lanzarote it"]
[Site "Lanzarote ESP"]
[Date "1975.05.??"]
[Round "7"]
[White "Garcia Padron, Jose"]
[Black "Pfleger, Helmut"]
[Result "0-1"]
[WhiteElo "2200"]
[BlackElo "2540"]
[EventDate "1975.04.27"]
[PlyCount "127"]

1.e4 c6 2.d4 d5 3.Nc3 dxe4 4.Nxe4 Nd7 5.Bd3 Ngf6 6.Ng3 c5 7.dxc5 Nxc5 8.
Bb5+ Bd7 9.Bxd7+ Ncxd7 10.Nf3 e6 11.O-O Bc5 12.Qe2 O-O 13.b3 Qb6 14.Bb2 
Rfe8 15.Rad1 Nf8 16.Ne5 Rad8 17.Ng4 Nxg4 18.Qxg4 Ng6 19.Qe2 f5 20.a4 Kf7 
21.Qf3 Qc6 22.Qc3 Bf8 23.Rfe1 Qxc3 24.Bxc3 Rc8 25.Ne2 Rc7 26.Rd3 Rec8 27.
g3 Ne7 28.Bd2 Rxc2 29.Nd4 Rd8 30.Ree3 Rb2 31.Nxe6 Rxd3 32.Ng5+ Kg6 33.Rxd3
Rxd2 34.Rxd2 Kxg5 35.Rd7 a5 36.Rxb7 Nc6 37.Rf7 Bb4 38.Rxg7+ Kf6 39.Rd7 h5 
40.f4 Nd4 41.Kf2 Nxb3 42.Rd1 Nc5 43.Ra1 Ke6 44.Kf3 Kd5 45.h3 Kc4 46.g4 $1 
hxg4+ 47.hxg4 fxg4+ 48.Kxg4 Kb3 49.Kg5 Nxa4 50.f5 Nb6 51.f6 a4 52.f7 Nd7 
53.Rd1 Nf8 54.Kf6 Kc2 55.Rg1 $1 a3 56.Rg2+ Kb3 57.Rg3+ Ka4 58.Rg2 Kb5 59.
Rc2 Bc5 60.Ke5 $2 ( 60.Kg7 $1 ) 60...Kb4 61.Kd5 Be7 62.Rc7 a2 63.Rb7+ Kc3 
64.Rc7+ {[Fuente: Visier, Fernando. Artculo "Dos Normas Internacionales 
para Belln y Fraguela". Resea y seleccin de partidas del Tercer Torneo 
Internacional <<Ciudad de Arrecife de Lanzarote>> 1975. Revista AJEDREZ 
CANARIO. Publicacin editada por la Caja de Ahorros de Gran Canaria. Las 
Palmas de Gran Canaria, Espaa. ]} 0-1

[Event "3rd Lanzarote it"]
[Site "Lanzarote ESP"]
[Date "1975.05.??"]
[Round "7"]
[White "Rodriguez Vargas, Orestes"]
[Black "Fraguela Gil, Jose Miguel"]
[Result "0-1"]
[WhiteElo "2435"]
[BlackElo "2390"]
[EventDate "1975.04.27"]
[PlyCount "82"]

1.d4 Nf6 2.c4 c5 3.e3 g6 4.Nf3 Bg7 5.Nc3 cxd4 6.Nxd4 O-O 7.Be2 Nc6 8.O-O 
Nxd4 9.Qxd4 d6 10.Qh4 Be6 11.e4 Rc8 12.b3 b5 13.Nxb5 Nxe4 14.Bh6 Bxh6 15.
Qxh6 Qb6 16.Qe3 Qxe3 17.fxe3 a5 18.Bf3 Nd2 19.Rfc1 Nxf3+ 20.gxf3 Rc5 21.
Nd4 Bh3 22.Kf2 Rfc8 23.e4 Bd7 24.Ne2 f5 25.Nc3 fxe4 26.Nd5 Rf8 27.Nxe7+ 
Kg7 28.Rc3 Rh5 29.Rd1 Rxh2+ 30.Kg1 Rh3 31.Rxd6 exf3 32.Rc2 Rf4 33.Rxd7 
Rg4+ 34.Kf1 Rh1+ 35.Kf2 Rg2+ 36.Kxf3 Rxc2 37.Nf5+ Kf6 38.Ng3 Ke6 39.Rd8 
Rb1 40.Ne4 Rxa2 41.Nc5+ Kf6 {[Fuente: Torn, Romn. Artculo " Triunfo de 
Belln en el Torneo Internacional de Lanzarote". Resea y seleccin de 
partidas. Revista JAQUE. (01-07-1975, ao V, nmero 43, pginas 4-7). Jos 
Mara Gonzlez (Editor-Director). San Sebastin, Espaa. ]} 0-1

[Event "3rd Lanzarote it"]
[Site "Lanzarote ESP"]
[Date "1975.05.??"]
[Round "7"]
[White "Tatai, Stefano"]
[Black "Visier Segovia, Fernando"]
[Result "1-0"]
[WhiteElo "2455"]
[BlackElo "2375"]
[EventDate "1975.04.27"]
[PlyCount "53"]

1.e4 c5 2.Nf3 e6 3.d4 cxd4 4.Nxd4 a6 5.Nc3 Qc7 6.g3 Nc6 7.Bg2 Nf6 8.O-O 
Nxd4 9.Qxd4 Bc5 10.Bf4 d6 11.Qd2 Nd7 12.Rad1 Ne5 13.Na4 Nc4 14.Qc3 e5 15.
Nxc5 Qxc5 16.Rd5 Qc6 17.Bc1 Ke7 18.Rd3 Be6 19.b3 Nb6 20.Qd2 Rhd8 21.Ba3 
Rac8 22.c4 f6 23.Rd1 Kf7 24.Qe3 Rd7 25.Rxd6 Rcd8 26.Rxd7+ Nxd7 27.Rd6 {
[Fuente: Boletn del III Torneo Internacional Arrecife de Lanzarote. (Mayo 
1975, Ronda 7, Partida 37). Editado por la Federacin Provincial de Ajedrez
de Gran Canaria. Espaa. ]} 1-0

[Event "3rd Lanzarote it"]
[Site "Lanzarote ESP"]
[Date "1975.05.??"]
[Round "8"]
[White "Adorjan, Andras"]
[Black "Diez del Corral, Jesus Maria"]
[Result "1/2-1/2"]
[WhiteElo "2515"]
[BlackElo "2515"]
[EventDate "1975.04.27"]
[PlyCount "60"]

1.e4 e6 2.Nf3 d5 3.Nc3 d4 4.Ne2 c5 5.c3 dxc3 6.bxc3 Nc6 7.Ng3 Nf6 8.d4 
cxd4 9.cxd4 Bb4+ 10.Bd2 Qa5 11.Rb1 Bxd2+ 12.Qxd2 O-O 13.Bb5 Qxd2+ 14.Kxd2 
Bd7 15.Ne5 Nxe5 16.dxe5 Rfd8 17.Ke2 Ne8 18.Rhc1 Kf8 19.f4 Bxb5+ 20.Rxb5 b6
21.Rb2 Rac8 22.Rbc2 Rxc2+ 23.Rxc2 Rd4 24.Ke3 Ra4 25.f5 Ra5 26.Kf4 Ke7 27.
Nh5 h6 28.h4 exf5 29.exf5 Ra4+ 30.Kf3 Rxh4 {[Fuente: Visier, Fernando. 
Artculo "Normas Internacionales para Belln y Fraguela". Resea y seleccin 
de partidas del Tercer Torneo Internacional <<Ciudad de Arrecife de 
Lanzarote>> 1975. Revista AJEDREZ CANARIO. (01-08-1975, ao V, nmero 49, 
pginas 305-315). Editada por Caja de Ahorros de Gran Canaria. Las Palmas 
de Gran Canaria, Espaa. ]} 1/2-1/2

[Event "3rd Lanzarote it"]
[Site "Lanzarote ESP"]
[Date "1975.05.??"]
[Round "8"]
[White "Bellon Lopez, Juan Manuel"]
[Black "Cardoso, Rodolfo Tan"]
[Result "1-0"]
[WhiteElo "2415"]
[BlackElo "2410"]
[EventDate "1975.04.27"]
[PlyCount "55"]

1.g3 d5 2.Bg2 e5 3.c4 c6 4.Qa4 dxc4 5.Qxc4 Be6 6.Qc2 Bd5 7.Nf3 e4 8.Ng1 e3
9.f3 exd2+ 10.Bxd2 Na6 11.Nc3 Be6 12.Nh3 Nb4 13.Qc1 Bf5 14.O-O Nc2 15.Rb1 
Nd4 16.e4 Be6 17.Be3 Bxh3 18.Bxh3 Qf6 19.Kg2 h5 20.e5 $1 Qxe5 21.Bxd4 Qxd4
22.Rd1 Qc5 23.b4 Qb6 24.Bd7+ Kd8 25.Bh3+ Bd6 26.Qg5+ Ne7 27.Ne4 Rh6 28.
Nxd6 {[Fuente: Visier, Fernando. Artculo "Normas Internacionales para 
Belln y Fraguela". Resea y seleccin de partidas del Tercer Torneo 
Internacional Ciudad de Arrecife de Lanzarote 1975. Revista AJEDREZ 
CANARIO. (01-08-1975, ao V, nmero 49, pginas 305-315). Editada por la Caja
de Ahorros de Gran Canaria. Las Palmas de Gran Canaria, Espaa. ]} 1-0

[Event "3rd Lanzarote it"]
[Site "Lanzarote ESP"]
[Date "1975.05.??"]
[Round "8"]
[White "Betancort Curbelo, Juan Rafael"]
[Black "Rodriguez Vargas, Orestes"]
[Result "1/2-1/2"]
[WhiteElo "2360"]
[BlackElo "2435"]
[EventDate "1975.04.27"]
[PlyCount "88"]

1.d4 Nf6 2.c4 e6 3.Nf3 b6 4.e3 Bb7 5.Bd3 Bb4+ 6.Nbd2 O-O 7.O-O d5 8.Qe2 
Ne4 9.a3 Be7 10.Rd1 Nd7 11.Bc2 Bd6 12.cxd5 exd5 13.Nxe4 dxe4 14.Nd2 f5 15.
Nc4 Ba6 16.Bb3 Kh8 17.f4 exf3 {(ap)} 18.Qxf3 Nf6 19.Nxd6 Qxd6 20.Bd2 Qe7 
21.Rac1 c5 22.dxc5 bxc5 23.Bc3 Rab8 24.Ba4 Bb7 25.Qf4 Nd5 26.Qe5 Qg5 27.
Qg3 Qxg3 28.hxg3 Nxc3 29.Rxc3 Be4 30.Rd2 Rfc8 31.Bd7 Rd8 32.Rxc5 h6 33.b4 
Rb7 $2 34.Rc8 $2 Rxc8 35.Bxc8 Rc7 36.Be6 Rc3 37.Rd8+ Kh7 38.Bg8+ Kg6 39.
Rd6+ Kg5 40.Bf7 f4 $1 41.exf4+ Kg4 42.Kf2 Rxg3 43.Bg6 Rxg2+ 44.Ke3 Bf5 {
[Fuente: Visier, Fernando. Artculo "Normas Internacionales para Belln y 
Fraguela". Resea y seleccin de partidas del Tercer Torneo Internacional 
Ciudad de Arrecife de Lanzarote 1975. Revista AJEDREZ CANARIO. 
(01-08-1975, ao V, nmero 49, pginas 305-315). Editada por la Caja de 
Ahorros de Gran Canaria. Las Palmas de Gran Canaria, Espaa. ]} 1/2-1/2